| 000 | 00465cam a2200193ua 4500 | ||
|---|---|---|---|
| 001 | 560 | ||
| 008 | 110407n ii |||gr||||Z||||||eng | ||
| 040 | _cMAIN | ||
| 082 | _a327.54 | ||
| 245 | 1 |
_aForeign policy of India _cby U.R. Ghai |
|
| 250 | _a10th. | ||
| 260 |
_aJalandhar: _bNew academic , _c2007. |
||
| 300 |
_a496P: _c35cm. |
||
| 653 | _aPolitical science | ||
| 653 | _aForeign policy of India | ||
| 700 | _aGhai, U.R., | ||
| 700 | _aK.K. Ghai. | ||
| 942 | _cBK | ||
| 999 |
_c497 _d497 |
||